000 00206nam a2200097Ia 4500
008 240331s9999 xx 000 0 und d
082 _bAHA
100 _aAhalankan,
245 0 _aIlakiya nadakangal
942 _cL
999 _c3788
_d3788